000 00858nam a2200205 a 4500
001 000041405
005 20201002034847.0
008 131002s2005 sp 000 0 spa d
020 _a8400083512
040 _aDO-SdBNP
_bspa
_cBNPHU
100 1 _aVidal Rodríguez, José Antonio
_968060
245 1 3 _aLa Emigración gallega a Cuba : trayectos migratorios, inserción y movilidad laboral, 1898-1968 /
_aJosé Antonio Vidal Rodríguez,.
260 _aMadrid :
_bConsejo Superior de Investigaciones Científicas,
_c2005.
300 _a422 p. ;
_c25 cm.
490 1 _aBiblioteca de historia de América
_v36
504 _aBibliografía : p. 399-422
504 _aIncluye referencias bibliográficas y notas al pie de las páginas
710 2 _aConsejo Superior de Investigaciones Científicas,
_94786
830 0 _aBiblioteca de historia de América
_v36
_966078
999 _c40895
_d40895